Welcome to the Holygrace Academy Library

Please use search bar below to get started

NORTHANGER ABBEY (Record no. 2864)

MARC details
000 -LEADER
fixed length control field 00378nam a22001577a 4500
020 ## - INTERNATIONAL STANDARD BOOK NUMBER
ISBN 978-81-264-5182-1
082 ## - DEWEY DECIMAL CLASSIFICATION NUMBER
Classification number 823
Item number AUS/N
100 ## - MAIN ENTRY--AUTHOR NAME
Personal name AUSTEN, JANE
245 ## - TITLE STATEMENT
Title NORTHANGER ABBEY
Remainder of title MANGO CLASICS
246 ## - VARYING FORM OF TITLE
Title proper/short title NORTHANGER ABBEY
Remainder of title MANGO CLASICS
260 ## - PUBLICATION, DISTRIBUTION, ETC. (IMPRINT)
Place of publication KOTTAYAM
Name of publisher DC BOOKS
Year of publication 2015
300 ## - PHYSICAL DESCRIPTION
Number of Pages 64
520 ## - SUMMARY, ETC.
Summary, etc MANGO CLASICS
650 ## - SUBJECT ADDED ENTRY--TOPICAL TERM
Topical Term MANGO CLASICS
942 ## - ADDED ENTRY ELEMENTS (KOHA)
Koha item type Books
Holdings
Withdrawn status Lost status Collection code Home library Current library Shelving location Date acquired Source of acquisition Cost, normal purchase price Full call number Accession Number Koha item type
    Fiction Main Library Main Library SHELF 4-F ENGLISH CLASSICS 25/01/2019 Purchase 125.00 823 AUS/N 10708 Books